Zur Bedeutung von Minderheiten für ökonomische Entwicklungsprozesse von Ländern der Dritten Welt : dargestellt am Beispiel der asiatischen Minderheit in Kenia, Tansania und Uganda /
Saved in:
| Main Author: | |
|---|---|
| Format: | Book |
| Language: | German |
| Published: |
Münster :
Lit,
[1990]
|
| Series: | Volkswirtschaftliche Schriftenreihe (Münster in Westfalen, Germany) ;
Bd. 5. |
| Subjects: | |
| Tags: |
Add Tag
No Tags, Be the first to tag this record!
|
| LEADER | 01061aam a2200277 a 4500 | ||
|---|---|---|---|
| 001 | 001862575-4 | ||
| 005 | 20020606093309.7 | ||
| 008 | 900725s1990 gw a b 000 0 ger | ||
| 010 | |a 90178407 | ||
| 020 | |a 3886605809 : |c DM1990 | ||
| 035 | 0 | |a ocm23046199 | |
| 040 | |a DLC |c DLC |d HLS | ||
| 043 | |a a------ |a fe----- | ||
| 050 | 0 | 0 | |a HC860 |b .H57 1990 |
| 100 | 1 | |a Hirth, Günter. | |
| 245 | 1 | 0 | |a Zur Bedeutung von Minderheiten für ökonomische Entwicklungsprozesse von Ländern der Dritten Welt : |b dargestellt am Beispiel der asiatischen Minderheit in Kenia, Tansania und Uganda / |c Günter Hirth. |
| 260 | |a Münster : |b Lit, |c [1990] | ||
| 300 | |a x, 254 p. : |b ill. ; |c 25 cm. | ||
| 490 | 1 | |a Volkswirtschaftliche Schriftenreihe ; |v Bd. 5 | |
| 504 | |a Includes bibliographical references (p. 228-240). | ||
| 650 | 0 | |a Entrepreneurship |z Africa, East. | |
| 650 | 0 | |a Asians |z Africa, East. | |
| 651 | 0 | |a Africa, East |x Economic conditions. | |
| 830 | 0 | |a Volkswirtschaftliche Schriftenreihe (Münster in Westfalen, Germany) ; |v Bd. 5. | |
| 988 | |a 20020608 | ||
| 906 | |0 DLC | ||


